000
00297nam a22001337a 4500
020
_a
978-8123911670
041
_a
ENG
100
_a
Lang .V.P
245
_a
AIR Conditionig Procedures And Installation
260
_a
Delhi
_b
CBS
_c
1987
300
_a
124
650
_a
APE
856
_u
APE (10 )
999
_c
1758
_d
1758